Histoire d’Arménie / (Record no. 223582)
[ view plain ]
| 000 -LEADER | |
|---|---|
| fixed length control field | 01266nam a2200277 u 4500 |
| 001 - CONTROL NUMBER | |
| control field | 000567073 |
| 003 - CONTROL NUMBER IDENTIFIER | |
| control field | AM-YeHGA |
| 005 - DATE AND TIME OF LATEST TRANSACTION | |
| control field | 20250617140631.0 |
| 008 - FIXED-LENGTH DATA ELEMENTS--GENERAL INFORMATION | |
| fixed length control field | 080213s1841 it r 000 0 fre d |
| 040 ## - CATALOGING SOURCE | |
| Original cataloging agency | AM-YeHGA |
| 041 0# - LANGUAGE CODE | |
| Language code of text/sound track or separate title | arm |
| 041 1# - LANGUAGE CODE | |
| Language code of text/sound track or separate title | fre |
| Language code of original | arm |
| 090 ## - LOCALLY ASSIGNED LC-TYPE CALL NUMBER (OCLC); LOCAL CALL NUMBER (RLIN) | |
| -- | 225117 |
| 100 0# - MAIN ENTRY--PERSONAL NAME | |
| Personal name | Մովսես Խորենացի, |
| Dates associated with a name | V դ. |
| 245 10 - TITLE STATEMENT | |
| Title | Histoire d’Arménie / |
| Statement of responsibility, etc. | Moïse de Khorène; texte arménien et traduction française par Paul-Émile Le Vaillant de Florival. |
| 260 ## - PUBLICATION, DISTRIBUTION, ETC. | |
| Place of publication, distribution, etc. | Venise : |
| Name of publisher, distributor, etc. | Imprimerie Arménienne de Saint-Lazare, |
| Date of publication, distribution, etc. | 1841. |
| 300 ## - PHYSICAL DESCRIPTION | |
| Extent | 2 v. : |
| Other physical details | port., fold. map. ; |
| Dimensions | 23 cm. |
| 500 ## - GENERAL NOTE | |
| General note | Armenian and French on opposite pages. |
| 500 ## - GENERAL NOTE | |
| General note | "Apercu general sur l’Armenie": V. 2, 80 p. |
| 500 ## - GENERAL NOTE | |
| General note | Dictionnaire historique, geographique, philologique et critique pour servir d’annotations a l’histoire d’Armenie": V. 2, 210 p. |
| 500 ## - GENERAL NOTE | |
| General note | "Avec notes explicatives et precis historiques sur l'Armenie ouvrage dedie A S. M. Imperiale Nicolas I Empereur de Toutes les Russies" |
| 505 0# - FORMATTED CONTENTS NOTE | |
| Miscellaneous information | T. 1 (1841; xiii, 389, [14] p.) ; |
| -- | T. 2 (1841; 207, [27], 210, 80 p.) |
| 630 00 - SUBJECT ADDED ENTRY--UNIFORM TITLE | |
| Uniform title | Armenian history |
| 651 #4 - SUBJECT ADDED ENTRY--GEOGRAPHIC NAME | |
| Geographic name | Հայաստան |
| General subdivision | Պատմություն |
| 700 1# - ADDED ENTRY--PERSONAL NAME | |
| Personal name | Le Vaillant de Florival , Paul-Émile |
| Dates associated with a name | 1799-1862 |
| Relationship | aui |
| -- | trl |
| Withdrawn status | Lost status | Source of classification or shelving scheme | Damaged status | Not for loan | Collection | Home library | Current library | Date acquired | Cost, normal purchase price | Serial enumeration / chronology | Total checkouts | Full call number | Barcode | Date last seen | Price effective from | Koha item type | Public note |
|---|---|---|---|---|---|---|---|---|---|---|---|---|---|---|---|---|---|
| Universal Decimal Classification | Rare Books Collection | Fundamental Scientific Library | Fundamental Scientific Library | 28/12/2016 | 7.00 | T. 2 | A/499 | FL0031315 | 28/12/2016 | 28/12/2016 | Գրքեր / Books | ILL Non-Circ. | |||||
| Universal Decimal Classification | Rare Books Collection | Fundamental Scientific Library | Fundamental Scientific Library | 28/12/2016 | 5.00 | T. 1 | A/498 | FL0031316 | 28/12/2016 | 28/12/2016 | Գրքեր / Books | ILL Non-Circ. |
ՀՀ Գիտությունների ազգային ակադեմիայի հիմնարար գիտական գրադարան = Fundamental Scientific Library of NAS RA
All site content, except where otherwise noted, is licensed under a